000 00604cam a2200205 4500500
005 20260329004032.0
041 _afre
042 _adc
100 1 0 _aDuportail, Judith
_eauthor
245 0 0 _aPeter Godfrey-Smith. Le devenir-poulpe
260 _c2018.
500 _a15
690 _aAnimal
690 _aMer
690 _aPeter Godfrey-Smith
690 _aPoulpe
690 _aVinciane Despret
786 0 _nPhilosophie magazine | 117 | 3 | 2018-03-01 | p. 18-19 | 1951-1787
856 4 1 _uhttps://shs.cairn.info/magazine-philosophie-magazine-2018-3-page-18?lang=fr&redirect-ssocas=7080
999 _c1829982
_d1829982